Непризнанные и частично признанные государства - Statistics

General Stats
  • This quiz has been taken 3 234 times
    2 977 since last reset
  • The average score is 4 of 14
Answer Stats
Ответ % Correct
Республика Косово
78%
Республика Абхазия
70%
Республика Южная Осетия
61%
Государство Палестина
45%
Приднестровская Молдавская Республика
42%
Сомалиленд
29%
Турецкая Республика Северного Кипра
20%
Нагорно-Карабахская Республика
20%
Китайская Республика
9%
Сахарская Арабская Демократическая Республика
8%
Федеративная Республика Амбазония
4%
Шан
3%
Азад Джамму и Кашмир
2%
Тыграй
1%
No matching quizzes found
Score Distribution
Percent of People with Each Score
Percentile by Number Answered
Your Score History
You have not taken this quiz since the last reset